000 00734nam a22001937a 4500
999 _c9767
_d9767
003 AR-CdUCM
008 190328b ||||| |||| 00| 0 spa d
040 _aMUNICIPALIDAD PROVINCIAL DEL CUSCO
_cBIBLIOTECA MUNICIPAL DEL CUSCO
082 _a869.56 /
_bC54M/ 1940
100 _aChocano, José Santos
_911262
245 _aMemorias :
_bLas mil y una aventuras /
260 _aSantiago de Chile :
_bEdit. Nascimento,
_c1940.
300 _a350 paginas ;
_c22 cm.
505 _aContenido :El romance y precursor --Horóscopo y genealogía --El hombre que no fue niño --Primeros estudios, primero amores --Primera parte de mi adolescencia ...
650 _aLiteratos
_9754
650 _aPeru
_9429
942 _2ddc
_cLIBROS
945 _arjall